| 000 | 00907nam a22002177a 4500 | ||
|---|---|---|---|
| 999 |
_c69808 _d69808 |
||
| 005 | 20250611110556.0 | ||
| 008 | s2556 th tha d | ||
| 020 | _a9789744142788 | ||
| 040 | _aNALT | ||
| 041 | _atha | ||
| 050 |
_aH 97 _bม189น 2556 |
||
| 100 | 0 |
_aมยุรี อนุมานราชธน _947028 |
|
| 245 | 1 | 0 |
_aนโยบายสาธารณะ / _cมยุรี อนุมานราชธน. |
| 250 | _aพิมพ์ครั้งที่ 2 | ||
| 260 |
_aกรุงเทพฯ : _bเอ็กซเปอร์เน็ท, _c2556. |
||
| 300 |
_a337 หน้า ; _b _c26 ซม. |
||
| 650 | 0 |
_aนโยบายสาธารณะ _9284 |
|
| 850 | _aNALT | ||
| 942 |
_cGB _070 _2lcc |
||
| 998 |
_j111 _k นางสาวพจพิณ พรมเอี่ยม |
||